[Event "Montreal Pere Noel op"]
[Site "Montreal"]
[Date "2022.12.28"]
[Round "3"]
[White "Lopez Linares, Lizandro Fernando"]
[Black "Yan, Alex Jikai"]
[Result "1/2-1/2"]
[WhiteElo "2038"]
[BlackElo "1685"]
[PlyCount "84"]
[EventDate "2022.12.27"]
[EventType "swiss"]
[EventRounds "5"]
[EventCountry "CAN"]
[SourceTitle "CBM 211 Extra"]
[Source "ChessBase"]
[SourceDate "2023.01.31"]
[SourceVersion "1"]
[SourceVersionDate "2023.01.31"]
[SourceQuality "1"]

1. d4 d5 2. Nf3 Nf6 3. c4 e6 4. Nc3 Be7 5. Bg5 Nbd7 6. e3 0-0 7. Rc1 h6 8. Bf4 a6 9. cxd5 exd5 10. Bd3 c6 11. h3 Re8 12. 0-0 Nf8 13. Ne5 Ne6 14. Bh2 c5 15. dxc5 Nxc5 16. Bb1 Bd6 17. Nxd5 Bxe5 18. Nxf6+ Qxf6 19. Rxc5 Bxh2+ 20. Kxh2 Qxb2 21. Qd3 g6 22. e4 b6 23. Rc7 Qe5+ 24. Qg3 Qxg3+ 25. Kxg3 Be6 26. Rfc1 Rec8 27. Kf4 f6 28. Ke3 Kf8 29. f4 Ke8 30. g4 Kd8 31. R7c6 Kd7 32. Rxc8 Rxc8 33. Rxc8 Kxc8 34. Kd4 Kc7 35. f5 gxf5 36. gxf5 Bf7 37. e5 fxe5+ 38. Kxe5 Kd7 39. Kf6 Ke8 40. h4 Kf8 41. a3 b5 42. Bc2 a5 1/2-1/2

[Event "Montreal Mercredi 04"]
[Site "Montreal"]
[Date "2019.04.24"]
[Round "4"]
[White "Lopez Linares, Lizandro Fernando"]
[Black "Feoktistov, Dmitri"]
[Result "1/2-1/2"]
[WhiteElo "2239"]
[BlackElo "2172"]
[PlyCount "74"]
[EventDate "2019.04.03"]
[EventType "swiss"]
[EventRounds "5"]
[EventCountry "CAN"]
[SourceTitle "EXT 2022"]
[Source "ChessBase"]
[SourceDate "2021.10.06"]
[SourceVersion "1"]
[SourceVersionDate "2021.10.06"]
[SourceQuality "1"]

1. d4 f5 2. Nf3 Nf6 3. g3 g6 4. Bg2 Bg7 5. 0-0 0-0 6. c4 d6 7. Nc3 c6 8. Qc2 Na6 9. a3 Qe8 10. b4 e5 11. dxe5 dxe5 12. e4 f4 13. Bb2 g5 14. Na4 Qh5 15. Nxe5 Bh3 16. f3 b5 17. Nc5 Nxc5 18. bxc5 fxg3 19. hxg3 Rae8 20. Rae1 Re6 21. cxb5 cxb5 22. Qb3 Rfe8 23. Rf2 Kh8 24. f4 Bxg2 25. Rxg2 Ng4 26. Nxg4 Qxg4 27. Bxg7+ Kxg7 28. Qd3 Rh6 29. Qd4+ Kf8 30. Rf1 Kg8 31. Qd5+ Kh8 32. Qf7 Rc8 33. e5 Qh3 34. Qd5 gxf4 35. Rxf4 Qh1+ 36. Kf2 Qc1 37. Qd4 Qxc5 1/2-1/2

[Event "Montreal Mercredi 04"]
[Site "Montreal"]
[Date "2019.04.12"]
[Round "3"]
[White "Lopez Linares, Lizandro Fernando"]
[Black "Abdelaal, Ibrahim"]
[Result "1/2-1/2"]
[WhiteElo "2239"]
[BlackElo "2061"]
[PlyCount "66"]
[EventDate "2019.04.03"]
[EventType "swiss"]
[EventRounds "5"]
[EventCountry "CAN"]
[SourceTitle "EXT 2022"]
[Source "ChessBase"]
[SourceDate "2021.10.06"]
[SourceVersion "1"]
[SourceVersionDate "2021.10.06"]
[SourceQuality "1"]

1. d4 Nf6 2. Nf3 e6 3. Bg5 h6 4. Bh4 c5 5. e3 b6 6. Nbd2 Bb7 7. Bd3 g5 8. Bg3 g4 9. Nh4 Nc6 10. c3 d5 11. 0-0 Bd6 12. Qe2 h5 13. dxc5 bxc5 14. e4 Bxg3 15. fxg3 Qe7 16. exd5 Nxd5 17. Nc4 0-0-0 18. a4 Rd7 19. a5 Rhd8 20. a6 Ba8 21. Bc2 Nb6 22. Nxb6+ axb6 23. Qb5 Rd2 24. Be4 Qc7 25. a7 Nxa7 26. Qa6+ Kb8 27. Bxa8 Kxa8 28. b4 R2d7 29. Kh1 Qb7 30. Qc4 Qd5 31. Qa6 Qb7 32. Qc4 Qd5 33. Qa6 Qb7 1/2-1/2

[Event "Montreal Choc des Generations"]
[Site "Montreal"]
[Date "2019.03.31"]
[Round "5.5"]
[White "Lopez Linares, Lizandro Fernando"]
[Black "Zhong, Kevin"]
[Result "0-1"]
[WhiteElo "2100"]
[BlackElo "1967"]
[PlyCount "96"]
[EventDate "2019.03.29"]
[EventType "swiss"]
[EventRounds "5"]
[EventCountry "CAN"]
[SourceTitle "EXT 2022"]
[Source "ChessBase"]
[SourceDate "2021.10.06"]
[SourceVersion "1"]
[SourceVersionDate "2021.10.06"]
[SourceQuality "1"]

1. d4 d5 2. c4 e6 3. Nf3 Nf6 4. Nc3 Be7 5. Bf4 0-0 6. e3 c5 7. dxc5 Bxc5 8. Qc2 Nc6 9. a3 Qa5 10. Rc1 d4 11. exd4 Nxd4 12. Nxd4 Bxd4 13. Bd3 e5 14. Bd2 Qb6 15. 0-0 h6 16. b4 Ng4 17. c5 Qf6 18. Be1 Qh4 19. h3 Nf6 20. Ne2 Bxh3 21. gxh3 Qxh3 22. Bf5 Ng4 23. Bxg4 Qxg4+ 24. Kh2 e4 25. Ng3 Be5 26. Qd1 Qh4+ 27. Kg2 Rad8 28. Qe2 f5 29. Rc4 Qg5 30. Qh5 Qf6 31. f4 exf3+ 32. Rxf3 f4 33. Ne4 Qe6 34. Rc2 Bc7 35. Re2 Rf5 36. Qh3 Rg5+ 37. Kh2 Qc4 38. Qf1 Rh5+ 39. Kg1 Qf7 40. Rg2 Be5 41. Bc3 Qe6 42. Bxe5 Rxe5 43. Qa1 Rd7 44. Rxf4 Rxe4 45. Rf1 Rg4 46. Qb2 Rxg2+ 47. Qxg2 Rd5 48. Qf3 Qg6+ 0-1

[Event "Montreal Mercredi 02"]
[Site "Montreal"]
[Date "2019.03.08"]
[Round "5"]
[White "Lopez Linares, Lizandro Fernando"]
[Black "Zheng, Richard"]
[Result "1-0"]
[WhiteElo "2250"]
[BlackElo "2120"]
[PlyCount "77"]
[EventDate "2019.02.20"]
[EventType "swiss"]
[EventRounds "5"]
[EventCountry "CAN"]
[SourceTitle "EXT 2022"]
[Source "ChessBase"]
[SourceDate "2021.10.06"]
[SourceVersion "1"]
[SourceVersionDate "2021.10.06"]
[SourceQuality "1"]

1. d4 d5 2. Nf3 Nf6 3. c4 c6 4. Nc3 e6 5. Bg5 dxc4 6. e4 b5 7. e5 h6 8. Bh4 g5 9. exf6 gxh4 10. Ne5 Qxf6 11. a4 Bb4 12. Be2 Bb7 13. Bf3 Qe7 14. 0-0 Bxc3 15. bxc3 Qc7 16. Re1 Rf8 17. axb5 cxb5 18. d5 Nd7 19. Nxd7 Qxd7 20. Qd4 h3 21. Rad1 0-0-0 22. Qc5+ Qc7 23. Qxb5 Bxd5 24. Bxd5 Rxd5 25. Rxd5 exd5 26. Qxd5 Rd8 27. Qf5+ Qd7 28. Qf3 hxg2 29. Qa8+ Kc7 30. Qxa7+ Kc8 31. Qa6+ Qb7 32. Qxc4+ Qc7 33. Qg4+ Qd7 34. Qh5 Qc6 35. Qxf7 Qxc3 36. Rb1 Qc6 37. Qa7 Qc7 38. Qa6+ Kd7 39. Rb7 1-0

[Event "Montreal Mercredi 11"]
[Site "Montreal"]
[Date "2018.11.21"]
[Round "2"]
[White "Abdelaal, Ibrahim"]
[Black "Lopez Linares, Lizandro Fernando"]
[Result "0-1"]
[WhiteElo "2066"]
[BlackElo "2269"]
[PlyCount "72"]
[EventDate "2018.11.14"]
[EventType "swiss"]
[EventRounds "5"]
[EventCountry "CAN"]
[SourceTitle "EXT 2022"]
[Source "ChessBase"]
[SourceDate "2021.10.06"]
[SourceVersion "1"]
[SourceVersionDate "2021.10.06"]
[SourceQuality "1"]

1. e4 d5 2. exd5 Qxd5 3. Nc3 Qa5 4. b4 Qxb4 5. Rb1 Qd6 6. Nf3 Nf6 7. Bc4 c6 8. 0-0 Nbd7 9. Re1 e6 10. d4 Nd5 11. Bxd5 cxd5 12. Nb5 Qb8 13. c4 Nf6 14. Ne5 a6 15. Bf4 axb5 16. Ng6 hxg6 17. Bxb8 Rxb8 18. cxb5 Bd6 19. h3 0-0 20. Qd3 Ra8 21. Re2 Bd7 22. g4 Ra4 23. f3 Rfa8 24. Rbb2 g5 25. Kg2 Nh7 26. b6 Nf8 27. Qd2 Ng6 28. Qxg5 Bf4 29. Qh5 Rxd4 30. Re1 Bc1 31. Qxg6 fxg6 32. Rxc1 Rda4 33. Rc7 Rxa2 34. Rxa2 Rxa2+ 35. Kg3 Bc6 36. Kf4 d4 0-1

[Event "Montreal Mercredi 10"]
[Site "Montreal"]
[Date "2018.10.31"]
[Round "4"]
[White "Nikulich, Oleksandr"]
[Black "Lopez Linares, Lizandro Fernando"]
[Result "1/2-1/2"]
[WhiteElo "2081"]
[BlackElo "2239"]
[PlyCount "105"]
[EventDate "2018.10.10"]
[EventType "swiss"]
[EventRounds "5"]
[EventCountry "CAN"]
[SourceTitle "EXT 2022"]
[Source "ChessBase"]
[SourceDate "2021.10.06"]
[SourceVersion "1"]
[SourceVersionDate "2021.10.06"]
[SourceQuality "1"]

1. e4 d5 2. exd5 Qxd5 3. Nc3 Qa5 4. d4 c6 5. Nf3 Nf6 6. Bc4 Bf5 7. Bd2 e6 8. Nd5 Qd8 9. Nxf6+ gxf6 10. Bb3 Nd7 11. Qe2 Be7 12. Nh4 Bg6 13. 0-0-0 Qc7 14. Kb1 0-0-0 15. Nxg6 hxg6 16. c4 Rxh2 17. Qf3 Rhh8 18. Bc3 Kb8 19. Bc2 a5 20. Rxh8 Rxh8 21. d5 e5 22. d6 Bxd6 23. Qd3 Rh2 24. Qxd6 Qxd6 25. Rxd6 Kc7 26. Rd1 Rxg2 27. Rf1 b6 28. a3 f5 29. Kc1 Kd6 30. Kd2 Kc5 31. Bd3 Kd6 32. Ke3 e4 33. Bb1 Ne5 34. Rd1+ Ke6 35. Bxe5 Kxe5 36. Ke2 f4 37. Kf1 f3 38. b4 axb4 39. axb4 g5 40. b5 cxb5 41. Rd5+ Kf4 42. Rxb5 g4 43. Rxb6 f5 44. c5 g3 45. fxg3+ Ke5 46. Rb3 Rxg3 47. c6 Rg8 48. c7 Rc8 49. Rb5+ Kd4 50. Rxf5 Rxc7 51. Kf2 Rc1 52. Bxe4 Kxe4 53. Rxf3 1/2-1/2

[Event "Montreal Mercredi 10"]
[Site "Montreal"]
[Date "2018.10.17"]
[Round "2"]
[White "Pomerantz, Daniel"]
[Black "Lopez Linares, Lizandro Fernando"]
[Result "0-1"]
[WhiteElo "2128"]
[BlackElo "2239"]
[PlyCount "84"]
[EventDate "2018.10.10"]
[EventType "swiss"]
[EventRounds "5"]
[EventCountry "CAN"]
[SourceTitle "EXT 2022"]
[Source "ChessBase"]
[SourceDate "2021.10.06"]
[SourceVersion "1"]
[SourceVersionDate "2021.10.06"]
[SourceQuality "1"]

1. e4 d5 2. exd5 Qxd5 3. Nc3 Qa5 4. d4 c6 5. Nf3 Nf6 6. Bc4 Bf5 7. Qe2 e6 8. Bd2 Bb4 9. a3 0-0 10. 0-0 Bxc3 11. Bxc3 Qc7 12. d5 cxd5 13. Bb3 Nbd7 14. h3 Ne4 15. Bb4 Rfc8 16. Nd4 Bg6 17. h4 Ndf6 18. g4 Qf4 19. f3 Ng3 20. Qf2 Qxd4 21. Rfe1 Qxf2+ 22. Kxf2 Nge4+ 23. fxe4 Bxe4 24. g5 Bxc2 25. gxf6 Bxb3 26. fxg7 Rc4 27. Re3 Bc2 28. Rc3 Rxh4 29. Rc1 Bf5 30. Rc7 Kxg7 31. Rxb7 d4 32. Rcc7 Bg6 33. Kg3 Re4 34. Kf3 Re3+ 35. Kf4 e5+ 36. Kg4 a5 37. Bd2 Rd3 38. Bg5 h6 39. Bh4 h5+ 40. Kg5 Ra6 41. Rb8 Rf3 42. Be1 Rf4 0-1

[Event "Montreal Varennes op"]
[Site "Montreal"]
[Date "2018.10.06"]
[Round "3"]
[White "Hirschberg, Valerian"]
[Black "Lopez Linares, Lizandro Fernando"]
[Result "0-1"]
[WhiteElo "2277"]
[BlackElo "2087"]
[PlyCount "110"]
[EventDate "2018.10.05"]
[EventType "swiss"]
[EventRounds "5"]
[EventCountry "CAN"]
[SourceTitle "CBM 187 Extra"]
[Source "ChessBase"]
[SourceDate "2018.11.04"]
[SourceVersion "1"]
[SourceVersionDate "2018.11.04"]
[SourceQuality "1"]

1. Nf3 Nf6 2. c4 c5 3. g3 b6 4. Bg2 Bb7 5. Nc3 e6 6. 0-0 d6 7. d4 cxd4 8. Qxd4 a6 9. Rd1 Nbd7 10. Bg5 Qc7 11. Rac1 Rd8 12. Bxf6 Nxf6 13. Na4 Rb8 14. b4 Be7 15. c5 bxc5 16. bxc5 d5 17. Ne5 0-0 18. c6 Bc8 19. Nc5 Bd6 20. Ncd3 a5 21. e4 Rb4 22. Nxb4 Bxe5 23. Qc5 Bd6 24. Nxd5 exd5 25. Qd4 Be5 26. Qd3 dxe4 27. Bxe4 Re8 28. Bg2 g5 29. Rc5 h6 30. Qd2 a4 31. Qa5 Qxa5 32. Rxa5 Kg7 33. Rxa4 Bc7 34. h3 Re2 35. Bf3 Rc2 36. g4 Bb6 37. Rf1 Be6 38. Ra6 Bc7 39. Bd1 Rc5 40. Bb3 Nd5 41. Rd1 Nf4 42. Ra4 Be5 43. Ra7 Bxb3 44. axb3 Rxc6 45. b4 Bd4 46. Rd7 Be5 47. Rb7 Nxh3+ 48. Kg2 Rc2 49. Rf1 Rc3 50. Re1 Nf4+ 51. Kf1 Bf6 52. b5 Rb3 53. Rd1 Rb2 54. Re1 Bd4 55. Rd7 Rxf2+ 0-1

[Event "Montreal op"]
[Site "Montreal"]
[Date "2018.09.08"]
[Round "3"]
[White "Lopez Linares, Lizandro Fernando"]
[Black "Adriaanse, Adam"]
[Result "1/2-1/2"]
[WhiteElo "2073"]
[BlackElo "1977"]
[PlyCount "57"]
[EventDate "2018.09.07"]
[EventType "swiss"]
[EventRounds "5"]
[EventCountry "CAN"]
[SourceTitle "CBM 186 Extra"]
[Source "ChessBase"]
[SourceDate "2018.08.24"]
[SourceVersion "1"]
[SourceVersionDate "2018.08.24"]
[SourceQuality "1"]

1. d4 Nf6 2. Nf3 e6 3. c4 Bb4+ 4. Bd2 a5 5. Qc2 d6 6. e3 0-0 7. Be2 Nbd7 8. 0-0 Bxd2 9. Nbxd2 Qe7 10. Rac1 b6 11. Rfd1 e5 12. a3 Bb7 13. b3 exd4 14. Nxd4 Rfe8 15. Nf5 Qf8 16. Bf3 Bxf3 17. gxf3 g6 18. Nd4 Qh6 19. Kh1 Re5 20. Rg1 Rae8 21. Rg2 Rg5 22. Rcg1 Rxg2 23. Rxg2 Qh5 24. a4 Qc5 25. f4 d5 26. f5 dxc4 27. bxc4 Qe5 28. fxg6 hxg6 29. N4f3 1/2-1/2

[Event "Montreal op"]
[Site "Montreal"]
[Date "2018.09.08"]
[Round "2"]
[White "Masse, Hugues"]
[Black "Lopez Linares, Lizandro Fernando"]
[Result "1-0"]
[WhiteElo "2158"]
[BlackElo "2073"]
[PlyCount "113"]
[EventDate "2018.09.07"]
[EventType "swiss"]
[EventRounds "5"]
[EventCountry "CAN"]
[SourceTitle "CBM 186 Extra"]
[Source "ChessBase"]
[SourceDate "2018.08.24"]
[SourceVersion "1"]
[SourceVersionDate "2018.08.24"]
[SourceQuality "1"]

1. e4 c6 2. d4 d5 3. e5 Bf5 4. Nf3 e6 5. Be2 Nd7 6. 0-0 Rc8 7. Nbd2 a6 8. c4 Nh6 9. a4 Be7 10. a5 0-0 11. Nb3 Bg6 12. Bf4 f6 13. Qd2 Nf7 14. Rfe1 Re8 15. Rac1 fxe5 16. dxe5 Bc5 17. Nxc5 Nxc5 18. Qb4 Nd3 19. Bxd3 Bxd3 20. cxd5 cxd5 21. Rxc8 Qxc8 22. Rc1 Qd7 23. Qc3 Qb5 24. Nd4 Qc4 25. b3 Qxc3 26. Rxc3 Bg6 27. Rc7 Nd8 28. Bg5 Nc6 29. Nxc6 bxc6 30. Rxc6 Bd3 31. Be3 Kf7 32. f4 h5 33. Kf2 Rb8 34. Bb6 Rb7 35. Ke3 Bf1 36. g3 Bb5 37. Rc8 Be8 38. Kd4 Bd7 39. Ra8 Bb5 40. Rh8 Kg6 41. h3 Rd7 42. g4 hxg4 43. hxg4 Rf7 44. Ke3 Re7 45. Rc8 Re8 46. Rc5 Bf1 47. b4 Rf8 48. Rc6 Kf7 49. f5 Re8 50. Kf4 Bd3 51. Bc5 Bc4 52. Rc7+ Kg8 53. Bd6 Ba2 54. f6 gxf6 55. exf6 e5+ 56. Bxe5 d4 57. Rg7+ 1-0

[Event "Montreal Mercredi 08"]
[Site "Montreal"]
[Date "2018.09.05"]
[Round "2"]
[White "Lopez Linares, Lizandro Fernando"]
[Black "Tremblay, Alain"]
[Result "1-0"]
[WhiteElo "2190"]
[BlackElo "2128"]
[PlyCount "53"]
[EventDate "2018.08.29"]
[EventType "swiss"]
[EventRounds "5"]
[EventCountry "CAN"]
[SourceTitle "EXT 2022"]
[Source "ChessBase"]
[SourceDate "2021.10.06"]
[SourceVersion "1"]
[SourceVersionDate "2021.10.06"]
[SourceQuality "1"]

1. d4 c5 2. e3 e6 3. Nf3 Nf6 4. Bd3 d5 5. 0-0 Be7 6. b3 cxd4 7. exd4 Nc6 8. Re1 a5 9. a3 0-0 10. Bb2 b6 11. Qe2 Bb7 12. Nc3 Qc8 13. Nb5 Rd8 14. Rac1 Qb8 15. c4 dxc4 16. bxc4 Qf4 17. Rcd1 Na7 18. Nc3 Bd6 19. d5 exd5 20. Nxd5 Nxd5 21. cxd5 Bxd5 22. Bxh7+ Kxh7 23. Rxd5 Kg8 24. g3 Qh6 25. Ng5 Bf8 26. Rxd8 Rxd8 27. Nxf7 1-0

[Event "Quebec op"]
[Site "Quebec"]
[Date "2018.07.23"]
[Round "4"]
[White "Lopez Linares, Lizandro Fernando"]
[Black "Bremner, William"]
[Result "1/2-1/2"]
[WhiteElo "2088"]
[BlackElo "1684"]
[PlyCount "59"]
[EventDate "2018.07.21"]
[EventType "swiss"]
[EventRounds "9"]
[EventCountry "CAN"]
[SourceTitle "CBM 186 Extra"]
[Source "ChessBase"]
[SourceDate "2018.08.24"]
[SourceVersion "1"]
[SourceVersionDate "2018.08.24"]
[SourceQuality "1"]

1. d4 Nf6 2. Nf3 d5 3. c4 e6 4. Nc3 Be7 5. Bf4 0-0 6. e3 Nbd7 7. Rc1 c6 8. h3 a6 9. a3 dxc4 10. Bxc4 b5 11. Ba2 c5 12. 0-0 Bb7 13. Qe2 Rc8 14. Rfd1 Qb6 15. Bg5 h6 16. Bh4 Qc7 17. d5 exd5 18. Nxd5 Bxd5 19. Bxd5 Nxd5 20. Rxd5 Nb6 21. Bxe7 Qxe7 22. Re5 Qd6 23. Rd1 Qf6 24. b3 c4 25. bxc4 Nxc4 26. Red5 Rfd8 27. Rxd8+ Rxd8 28. Rxd8+ Qxd8 29. a4 Qd5 30. axb5 1/2-1/2

[Event "Quebec op"]
[Site "Quebec"]
[Date "2018.07.22"]
[Round "2"]
[White "Zhong, Kevin"]
[Black "Lopez Linares, Lizandro Fernando"]
[Result "0-1"]
[WhiteElo "1925"]
[BlackElo "2088"]
[PlyCount "96"]
[EventDate "2018.07.21"]
[EventType "swiss"]
[EventRounds "9"]
[EventCountry "CAN"]
[SourceTitle "CBM 186 Extra"]
[Source "ChessBase"]
[SourceDate "2018.08.24"]
[SourceVersion "1"]
[SourceVersionDate "2018.08.24"]
[SourceQuality "1"]

1. e4 d5 2. exd5 Qxd5 3. Nc3 Qa5 4. d4 c6 5. Bd2 Bf5 6. Bc4 Nf6 7. Nf3 e6 8. Nd5 Qd8 9. Nxf6+ gxf6 10. Bb3 Bd6 11. Qe2 Qe7 12. Nh4 Bg6 13. g3 Nd7 14. 0-0-0 0-0-0 15. Ng2 Bc7 16. h4 h5 17. Nf4 Bxf4 18. Bxf4 Nb6 19. c4 Rhe8 20. c5 Nd5 21. Bd6 Qd7 22. Qd2 b6 23. Rhe1 Kb7 24. Re2 Ne7 25. Bxe7 Qxe7 26. Qc3 Qc7 27. Red2 Bf5 28. a4 Rd7 29. Bc2 Rd5 30. Bb3 Rd7 31. Bc2 Bg4 32. f3 Bh3 33. f4 Bg4 34. Re1 f5 35. Bd1 Rg8 36. b4 Bxd1 37. Rexd1 Rd5 38. Re1 Rgd8 39. Red1 Qd7 40. Kc2 Ka8 41. Qc4 bxc5 42. bxc5 f6 43. Qc3 Rb8 44. Kc1 Rd8 45. Kc2 Qb7 46. Qa5 Rb8 47. Qc3 e5 48. dxe5 Rxc5 0-1

[Event "Montreal Mercredi 02"]
[Site "Montreal"]
[Date "2018.03.21"]
[Round "5"]
[White "Zheng, Richard"]
[Black "Lopez Linares, Lizandro Fernando"]
[Result "0-1"]
[WhiteElo "2098"]
[BlackElo "2242"]
[PlyCount "68"]
[EventDate "2018.02.21"]
[EventType "swiss"]
[EventRounds "5"]
[EventCountry "CAN"]
[SourceTitle "EXT 2022"]
[Source "ChessBase"]
[SourceDate "2021.10.06"]
[SourceVersion "1"]
[SourceVersionDate "2021.10.06"]
[SourceQuality "1"]

1. d4 d5 2. c4 c6 3. Nf3 Nf6 4. Nc3 dxc4 5. a4 Bf5 6. e3 e6 7. Bxc4 Bb4 8. Qe2 0-0 9. 0-0 Bg4 10. h3 Bxf3 11. Qxf3 Nbd7 12. Rd1 Qe7 13. e4 e5 14. d5 Rad8 15. dxc6 bxc6 16. Bg5 h6 17. Bxf6 Nxf6 18. Ne2 g6 19. Ng3 Bc5 20. b3 Bd4 21. Rac1 Rd6 22. Rd3 Rfd8 23. Rcd1 Nd7 24. Qg4 Kh7 25. Kf1 h5 26. Nxh5 gxh5 27. Qf5+ Kg7 28. Qxh5 Rg6 29. f4 Nc5 30. Rf3 Nxe4 31. Bd3 exf4 32. Bxe4 Qxe4 33. Re1 Be3 34. Qh4 Qxf3+ 0-1

[Event "Montreal Mercredi 01"]
[Site "Montreal"]
[Date "2018.02.07"]
[Round "5"]
[White "Lopez Linares, Lizandro Fernando"]
[Black "Chiku Ratte, Olivier Kenta"]
[Result "1-0"]
[WhiteElo "2198"]
[BlackElo "2487"]
[PlyCount "77"]
[EventDate "2018.01.10"]
[EventType "swiss"]
[EventRounds "5"]
[EventCountry "CAN"]
[SourceTitle "EXT 2022"]
[Source "ChessBase"]
[SourceDate "2021.10.06"]
[SourceVersion "1"]
[SourceVersionDate "2021.10.06"]
[SourceQuality "1"]

1. d4 Nf6 2. Nf3 g6 3. Bg5 Bg7 4. Nbd2 d6 5. c3 c5 6. dxc5 dxc5 7. e4 0-0 8. Bc4 Nc6 9. Qe2 Qc7 10. 0-0 Nh5 11. Qe3 b6 12. Rfe1 e5 13. Rad1 Nf4 14. Bd5 Bb7 15. Nc4 h6 16. Bh4 g5 17. Bg3 Kh7 18. Rd2 Ng6 19. Red1 Qe7 20. h3 Nf4 21. Qe1 b5 22. Ne3 Rad8 23. Nf5 Qc7 24. Bxf4 gxf4 25. Qe2 Ne7 26. Nxe7 Qxe7 27. Qxb5 Bxd5 28. Rxd5 Rb8 29. Qe2 c4 30. Rd7 Qc5 31. Nh4 Rb6 32. R1d2 Qc6 33. Nf5 Rxb2 34. Rxb2 Qxd7 35. Rd2 f3 36. Qe3 Qb7 37. Rd6 Qb1+ 38. Kh2 fxg2 39. Rxh6+ 1-0

[Event "Montreal Mercredi 01"]
[Site "Montreal"]
[Date "2018.01.24"]
[Round "3"]
[White "Lopez Linares, Lizandro Fernando"]
[Black "Rodrigue Lemieux, Shawn"]
[Result "0-1"]
[WhiteElo "2198"]
[BlackElo "2315"]
[PlyCount "66"]
[EventDate "2018.01.10"]
[EventType "swiss"]
[EventRounds "5"]
[EventCountry "CAN"]
[SourceTitle "EXT 2022"]
[Source "ChessBase"]
[SourceDate "2021.10.06"]
[SourceVersion "1"]
[SourceVersionDate "2021.10.06"]
[SourceQuality "1"]

1. d4 d5 2. Nf3 Nf6 3. c4 e6 4. Nc3 Be7 5. Bf4 0-0 6. e3 b6 7. Rc1 Bb7 8. a3 a6 9. cxd5 exd5 10. Bd3 Nbd7 11. h3 c5 12. 0-0 Rc8 13. dxc5 bxc5 14. Qe2 c4 15. Bc2 Re8 16. Rfd1 Nf8 17. Nd4 Ng6 18. Ba4 Nxf4 19. exf4 Rf8 20. Rd2 Bc5 21. Rcd1 Nd7 22. Qf3 Nb6 23. Bc2 Qf6 24. g4 Rfe8 25. g5 Qd6 26. h4 Rc7 27. h5 Rce7 28. Kf1 g6 29. Nce2 c3 30. Nxc3 Nc4 31. f5 Nxd2+ 32. Rxd2 Bxd4 33. Rxd4 Qh2 0-1

[Event "Montreal Mercredi 11"]
[Site "Montreal"]
[Date "2017.12.13"]
[Round "5"]
[White "Lopez Linares, Lizandro Fernando"]
[Black "Saha, Ananda"]
[Result "1-0"]
[WhiteElo "2184"]
[BlackElo "2191"]
[PlyCount "84"]
[EventDate "2017.11.15"]
[EventType "swiss"]
[EventRounds "5"]
[EventCountry "CAN"]
[SourceTitle "EXT 2022"]
[Source "ChessBase"]
[SourceDate "2021.10.06"]
[SourceVersion "1"]
[SourceVersionDate "2021.10.06"]
[SourceQuality "1"]

1. d4 d5 2. c4 e6 3. Nc3 Be7 4. Nf3 Nf6 5. Bf4 0-0 6. e3 c6 7. Rc1 Nbd7 8. h3 Re8 9. Bd3 dxc4 10. Bxc4 Nd5 11. Bxd5 exd5 12. 0-0 Nf8 13. Ne2 Ng6 14. Qc2 Nxf4 15. Nxf4 Bd6 16. Nd3 Bf5 17. Qc3 Be4 18. Nd2 Bxd3 19. Qxd3 Re6 20. g3 Qg5 21. Nf3 Qe7 22. Rc3 Rg6 23. Nh4 Rf6 24. Kg2 Qd7 25. f4 Re8 26. Nf3 h6 27. a3 Rfe6 28. Qd2 Qe7 29. Kf2 g5 30. Rg1 Kh8 31. Re1 Re4 32. Qd1 f6 33. Nd2 gxf4 34. Nxe4 fxe3+ 35. Rcxe3 dxe4 36. Qh5 f5 37. Qxh6+ Kg8 38. Qg6+ Kh8 39. Qh5+ Kg8 40. Rf3 Qe6 41. Rxf5 e3+ 42. Kg1 Bf8 1-0

[Event "Montreal Mercredi 10"]
[Site "Montreal"]
[Date "2017.11.08"]
[Round "5"]
[White "Pomerantz, Daniel"]
[Black "Lopez Linares, Lizandro Fernando"]
[Result "1/2-1/2"]
[WhiteElo "2056"]
[BlackElo "2209"]
[PlyCount "164"]
[EventDate "2017.10.11"]
[EventType "swiss"]
[EventRounds "5"]
[EventCountry "CAN"]
[SourceTitle "EXT 2022"]
[Source "ChessBase"]
[SourceDate "2021.10.06"]
[SourceVersion "1"]
[SourceVersionDate "2021.10.06"]
[SourceQuality "1"]

1. e4 e6 2. d4 d5 3. Nd2 Nf6 4. e5 Nfd7 5. Bd3 c5 6. c3 Nc6 7. Ne2 g6 8. 0-0 Bg7 9. Nf3 0-0 10. Re1 Qc7 11. h4 Rb8 12. h5 c4 13. Bb1 Re8 14. Nf4 Nf8 15. Nh2 b5 16. Ng4 Qe7 17. a3 Rb7 18. Nh3 Nd7 19. Qf3 Qh4 20. h6 f5 21. exf6 Bxf6 22. Nxf6+ Qxf6 23. Qg3 Nf8 24. Bg5 Qf7 25. Re3 e5 26. dxe5 Bxh3 27. gxh3 Ne6 28. Bf6 d4 29. cxd4 Ncxd4 30. Be4 Rd7 31. h4 Nc5 32. h5 Nxe4 33. Rxe4 Nf5 34. Qg5 Rd4 35. Rae1 Rxe4 36. Rxe4 Kf8 37. hxg6 hxg6 38. Rg4 Qh7 39. Qxg6 Qxg6 40. Rxg6 Kf7 41. h7 Kxg6 42. h8Q Rxh8 43. Bxh8 a5 44. Kf1 Nd4 45. Ke1 Kf5 46. Kd2 b4 47. axb4 axb4 48. e6 Nb3+ 49. Kc2 Kxe6 50. Bg7 Kd5 51. Bf8 Nd4+ 52. Kd2 Nc6 53. Ke3 b3 54. Bg7 Ne7 55. Kf4 Ng6+ 56. Ke3 Nh4 57. Bc3 Nf5+ 58. Kf4 Nd4 59. Ke3 Nb5 60. Kd2 Ke4 61. Ba5 Nd4 62. f4 Kd5 63. Bc7 Ne6 64. Be5 Nc5 65. Kc3 Nd3 66. Bc7 Nf2 67. Be5 Nd1+ 68. Kb4 Ne3 69. Kc3 Nf5 70. Kb4 Ng3 71. Bc3 Nf1 72. f5 Ne3 73. f6 Nc2+ 74. Kb5 Ke6 75. Kxc4 Na1 76. Kc5 Nc2 77. Kc4 Na1 78. Bd4 Kf7 79. Kd5 Nc2 80. Be5 Na1 81. Kc4 Ke6 82. Kc3 Kf7 1/2-1/2

[Event "Montreal Mercredi 10"]
[Site "Montreal"]
[Date "2017.10.25"]
[Round "3"]
[White "Saha, Ananda"]
[Black "Lopez Linares, Lizandro Fernando"]
[Result "1-0"]
[WhiteElo "2133"]
[BlackElo "2209"]
[PlyCount "91"]
[EventDate "2017.10.11"]
[EventType "swiss"]
[EventRounds "5"]
[EventCountry "CAN"]
[SourceTitle "EXT 2022"]
[Source "ChessBase"]
[SourceDate "2021.10.06"]
[SourceVersion "1"]
[SourceVersionDate "2021.10.06"]
[SourceQuality "1"]

1. Nf3 d5 2. g3 Nf6 3. Bg2 Bf5 4. c4 c6 5. b3 h6 6. 0-0 e6 7. d3 Nbd7 8. Bb2 a5 9. Nbd2 a4 10. Re1 Bh7 11. Qc2 Qa5 12. Bc3 Bb4 13. Bxb4 Qxb4 14. a3 Qe7 15. b4 0-0 16. e4 dxe4 17. dxe4 c5 18. Qc3 e5 19. b5 Rfe8 20. Bh3 Nb6 21. Nh4 Qc7 22. f3 Rad8 23. Nf1 Rd4 24. Ne3 Red8 25. Bf1 g6 26. Nhg2 Kg7 27. Nc2 Nfd7 28. Nge3 Qd6 29. Nd5 Nxd5 30. cxd5 g5 31. Bg2 f6 32. Rf1 f5 33. Nxd4 exd4 34. Qa5 Re8 35. exf5 Bxf5 36. f4 g4 37. Rae1 Rf8 38. Qd2 Qb6 39. Re7+ Kg8 40. Qe2 d3 41. Qe3 Nf6 42. Kh1 Qxb5 43. d6 b6 44. Qe5 Bd7 45. Bd5+ Kh8 46. Bf7 1-0